The acts of the Holy Spirit among the Episcopalians today. (Record no. 13698)

000 -LEADER
fixed length control field 00826nam a2200217 a 4500
001 - CONTROL NUMBER
control field :::00011521$&:&@@
003 - CONTROL NUMBER IDENTIFIER
control field OkBaRHE
005 - DATE AND TIME OF LATEST TRANSACTION
control field 20000607103409.0
008 - FIXED-LENGTH DATA ELEMENTS--GENERAL INFORMATION
fixed length control field s1973 j 000 0 eng u
040 ## - CATALOGING SOURCE
Transcribing agency
100 1# - MAIN ENTRY--PERSONAL NAME
Personal name Full Gospel Business Men's Fellowship International.
245 14 - TITLE STATEMENT
Title The acts of the Holy Spirit among the Episcopalians today.
260 ## - PUBLICATION, DISTRIBUTION, ETC. (IMPRINT)
Place of publication, distribution, etc Los Angeles, CA., :
Name of publisher, distributor, etc Full Gospel Business Men's Fellowship International
Date of publication, distribution, etc c1973
300 ## - PHYSICAL DESCRIPTION
Extent 80 p. ;
Dimensions 23 cm.
650 ## - SUBJECT ADDED ENTRY--TOPICAL TERM
Topical term or geographic name as entry element Baptism In The Holy Spirit
650 ## - SUBJECT ADDED ENTRY--TOPICAL TERM
Topical term or geographic name as entry element Episcopalians
General subdivision Biography
650 ## - SUBJECT ADDED ENTRY--TOPICAL TERM
Topical term or geographic name as entry element Holy Spirit
General subdivision Baptism
942 ## - ADDED ENTRY ELEMENTS (KOHA)
Source of classification or shelving scheme
Koha item type Books
Copies
Damaged status Copy number Permanent Location Price effective from Lost status Full call number Shelving location Source of classification or shelving scheme Date last seen Not for loan Withdrawn status Barcode Date acquired Koha item type
 1RHEMA Bible Training College2010-04-14 BX 5990 .F8General Stacks 2010-04-14  115212010-04-14Books
 2RHEMA Bible Training College2010-04-14 BX 5990 .F8General Stacks 2010-04-14  153742010-04-14Books